<?xml version="1.0" encoding="UTF-8"?>
<record
    xmlns:xsi="http://www.w3.org/2001/XMLSchema-instance"
    xsi:schemaLocation="http://www.loc.gov/MARC21/slim http://www.loc.gov/standards/marcxml/schema/MARC21slim.xsd"
    xmlns="http://www.loc.gov/MARC21/slim">

  <leader>01682nam a2200433Ia 4500</leader>
  <controlfield tag="001">48237867</controlfield>
  <controlfield tag="003">PE-LiUPU</controlfield>
  <controlfield tag="005">20250731173602.0</controlfield>
  <controlfield tag="008">250304b        |||||||| |||| 00| 0 spa d</controlfield>
  <datafield tag="020" ind1=" " ind2=" ">
    <subfield code="a">9781841272160</subfield>
  </datafield>
  <datafield tag="040" ind1=" " ind2=" ">
    <subfield code="a">TWU</subfield>
    <subfield code="c">PE-LiUPU</subfield>
    <subfield code="d">PE-LiUPU</subfield>
    <subfield code="b">spa</subfield>
    <subfield code="e">rda</subfield>
  </datafield>
  <datafield tag="049" ind1=" " ind2=" ">
    <subfield code="a">EXNs</subfield>
  </datafield>
  <datafield tag="082" ind1="0" ind2="4">
    <subfield code="a">200.9015</subfield>
    <subfield code="b">R382</subfield>
    <subfield code="2">23</subfield>
  </datafield>
  <datafield tag="090" ind1=" " ind2=" ">
    <subfield code="a">BL96</subfield>
    <subfield code="b">.R45 2001</subfield>
  </datafield>
  <datafield tag="245" ind1="0" ind2="0">
    <subfield code="a">Religious diversity in the Graeco-Roman world :</subfield>
    <subfield code="b">a survey of recent scholarship /</subfield>
    <subfield code="c">editado por Dan Cohn-Sherbok y John M. Court.</subfield>
  </datafield>
  <datafield tag="264" ind1=" " ind2=" ">
    <subfield code="a">Sheffield, England :</subfield>
    <subfield code="b">Sheffield Academic Press,</subfield>
    <subfield code="c">c2001.</subfield>
  </datafield>
  <datafield tag="300" ind1=" " ind2=" ">
    <subfield code="a">237 p&#xE1;ginas ;</subfield>
    <subfield code="c">24 cm.</subfield>
  </datafield>
  <datafield tag="440" ind1=" " ind2="4">
    <subfield code="a">The biblical seminar ;</subfield>
    <subfield code="v">79.</subfield>
  </datafield>
  <datafield tag="504" ind1=" " ind2=" ">
    <subfield code="a">Incluye referencias bibliogr&#xE1;ficas</subfield>
  </datafield>
  <datafield tag="505" ind1="0" ind2=" ">
    <subfield code="a">Introduction -- Palestinian Judaism in the first century -- Diaspora Judaism -- The Essenes -- An analysis of recent 'Historical Jesus' studies -- Diversity in Paul -- The early church -- Greek religion in the Roman empire : diversities, convergences, uncertainties -- Gnosticism -- Mithraism among the mysteries.</subfield>
  </datafield>
  <datafield tag="526" ind1=" " ind2=" ">
    <subfield code="a">SEG42</subfield>
  </datafield>
  <datafield tag="526" ind1=" " ind2=" ">
    <subfield code="a">SEG41</subfield>
  </datafield>
  <datafield tag="526" ind1=" " ind2=" ">
    <subfield code="a">SEG40</subfield>
  </datafield>
  <datafield tag="526" ind1=" " ind2=" ">
    <subfield code="a">SEG39</subfield>
  </datafield>
  <datafield tag="526" ind1=" " ind2=" ">
    <subfield code="a">P94</subfield>
  </datafield>
  <datafield tag="526" ind1=" " ind2=" ">
    <subfield code="a">P87</subfield>
  </datafield>
  <datafield tag="526" ind1=" " ind2=" ">
    <subfield code="a">P86</subfield>
  </datafield>
  <datafield tag="526" ind1=" " ind2=" ">
    <subfield code="a">P85</subfield>
  </datafield>
  <datafield tag="526" ind1=" " ind2=" ">
    <subfield code="a">P77</subfield>
  </datafield>
  <datafield tag="526" ind1=" " ind2=" ">
    <subfield code="a">P76</subfield>
  </datafield>
  <datafield tag="526" ind1=" " ind2=" ">
    <subfield code="a">P35</subfield>
  </datafield>
  <datafield tag="650" ind1="1" ind2="4">
    <subfield code="a">Gnosticismo.</subfield>
    <subfield code="9">5043</subfield>
  </datafield>
  <datafield tag="650" ind1="2" ind2="4">
    <subfield code="a">Historia de la iglesia</subfield>
    <subfield code="x">Iglesia primitiva, ca. 30-600</subfield>
    <subfield code="9">470</subfield>
  </datafield>
  <datafield tag="650" ind1="2" ind2="4">
    <subfield code="a">Juda&#xED;smo</subfield>
    <subfield code="x">Historia</subfield>
    <subfield code="y">Per&#xED;odo post-ex&#xED;lico, 586 a.C.-210 d.C.</subfield>
    <subfield code="9">4000</subfield>
  </datafield>
  <datafield tag="700" ind1="1" ind2=" ">
    <subfield code="a">Cohn-Sherbok, Dan.</subfield>
    <subfield code="e">editor.</subfield>
  </datafield>
  <datafield tag="700" ind1="1" ind2=" ">
    <subfield code="a">Court, John M.</subfield>
    <subfield code="e">editor.</subfield>
  </datafield>
  <datafield tag="942" ind1=" " ind2=" ">
    <subfield code="2">ddc</subfield>
    <subfield code="c">BK</subfield>
    <subfield code="n">0</subfield>
  </datafield>
  <datafield tag="999" ind1=" " ind2=" ">
    <subfield code="c">62855</subfield>
    <subfield code="d">62854</subfield>
  </datafield>
  <datafield tag="980" ind1=" " ind2=" ">
    <subfield code="6">18226</subfield>
    <subfield code="a">Jaime Vilcaz&#xE1;n Jefe de An&#xE1;lisis Documental</subfield>
    <subfield code="8">1</subfield>
    <subfield code="g">ALBERTO SANCHEZ Responsable de Automatizaci&#xF3;n</subfield>
  </datafield>
  <datafield tag="952" ind1=" " ind2=" ">
    <subfield code="r">2025-12-02 00:00:00</subfield>
    <subfield code="l">0</subfield>
    <subfield code="o">200.9015 R382</subfield>
    <subfield code="p">82539</subfield>
    <subfield code="t">e1</subfield>
    <subfield code="v">20.00</subfield>
    <subfield code="w">2025-03-04</subfield>
    <subfield code="x">FACTEO</subfield>
    <subfield code="y">BK</subfield>
    <subfield code="1">0</subfield>
    <subfield code="2">ddc</subfield>
    <subfield code="5">0</subfield>
    <subfield code="7">0</subfield>
    <subfield code="8">GEN</subfield>
    <subfield code="f">P35</subfield>
    <subfield code="a">BUL</subfield>
    <subfield code="b">BUL</subfield>
    <subfield code="c">GEN</subfield>
    <subfield code="d">2024-12-23</subfield>
    <subfield code="e">Donaci&#xF3;n, Merling Alom&#xED;a</subfield>
  </datafield>
</record>
